000 00306nam a22001337a 4500
008 171207b xxu||||| |||| 00| 0 eng d
020 _a9780534536879
041 _aeng
080 _a32
100 _a20
101 _aPOL
245 _aAMERICAN GOVERNMENT AND POLITICS
_cBESSETTE.J.M
942 _2udc
_cBK
999 _c38801
_d38801